Monuments emblématiques des capitales d'Amérique du Sud - Statistiques

Statistiques générales
  • Ce quiz a été pris 30 fois
  • Le résultat moyen est 6 sur 12
Statistiques - réponses
Par images Hint Réponse % Correct
L'Obélisque Buenos Aires
76%
Cathédrale Saint-Jean Lima
76%
La Cathédrale Notre-Dame-de-l'Apparition Brasilia
69%
La Moneda Santiago
69%
Le Palais de Lopez Asunción
48%
Le Palais Salvo Montevideo
48%
La Cathédrale Primada Bogota
41%
Le Panthéon national Caracas
41%
La Statue de la Vierge Quito
41%
Le Fort Zeelandia Paramaribo
34%
La Cathédrale Notre-Dame-de-Guadalupe Sucre
34%
La Statue de l'Esclave libérateur Cuffy Georgetown
31%
Aucun quiz correspondant
Distribution des résultats
% des personnes avec chaque résultat
Percentile par nombre de réponses
Votre historique - résultats
Vous n’avez pas pris ce quiz